Syria's Borders Quiz Stats

Quiz Updated Apr 7, 2016

Also try: Sudan's Borders
Challenge
Share
Tweet
Embed
Score 0/5 Timer 00:30
0 Plays Today
Country % Correct
Iraq
89.1%
Israel
89%
Jordan
83.8%
Turkey
81.6%
Lebanon
81.6%

You're not logged in!

Compare scores with friends on all Sporcle quizzes.
Join for Free
OR
Log In

You Might Also Like...

Show Comments

Extras

Top Quizzes Today


Score Distribution

Your Account Isn't Verified!

In order to create a playlist on Sporcle, you need to verify the email address you used during registration. Go to your Sporcle Settings to finish the process.

Report this User

Report this user for behavior that violates our Community Guidelines.

Details: